<?xml version="1.0" encoding="UTF-8"?>
<record
    xmlns:xsi="http://www.w3.org/2001/XMLSchema-instance"
    xsi:schemaLocation="http://www.loc.gov/MARC21/slim http://www.loc.gov/standards/marcxml/schema/MARC21slim.xsd"
    xmlns="http://www.loc.gov/MARC21/slim">

  <leader>03052nam a2200385 a 4500</leader>
  <controlfield tag="001">ebr10538012</controlfield>
  <controlfield tag="003">CaPaEBR</controlfield>
  <controlfield tag="006">m        u        </controlfield>
  <controlfield tag="007">cr cn|||||||||</controlfield>
  <controlfield tag="008">110810s2012    caua    sb    001 0 eng d</controlfield>
  <datafield tag="010" ind1=" " ind2=" ">
    <subfield code="z">  2011030972</subfield>
  </datafield>
  <datafield tag="020" ind1=" " ind2=" ">
    <subfield code="z">9781598744903 (pbk. : perm paper)</subfield>
  </datafield>
  <datafield tag="020" ind1=" " ind2=" ">
    <subfield code="z">9781598744910 (paperback : perm paper)</subfield>
  </datafield>
  <datafield tag="020" ind1=" " ind2=" ">
    <subfield code="z">9781611327885 (e-book)</subfield>
  </datafield>
  <datafield tag="040" ind1=" " ind2=" ">
    <subfield code="a">CaPaEBR</subfield>
    <subfield code="c">CaPaEBR</subfield>
  </datafield>
  <datafield tag="035" ind1=" " ind2=" ">
    <subfield code="a">(OCoLC)778339836</subfield>
  </datafield>
  <datafield tag="050" ind1="1" ind2="4">
    <subfield code="a">HV5822.Q3</subfield>
    <subfield code="b">G49 2012eb</subfield>
  </datafield>
  <datafield tag="082" ind1="0" ind2="4">
    <subfield code="a">583/.85</subfield>
    <subfield code="2">23</subfield>
  </datafield>
  <datafield tag="100" ind1="1" ind2=" ">
    <subfield code="a">Gezon, Lisa L.</subfield>
  </datafield>
  <datafield tag="245" ind1="1" ind2="0">
    <subfield code="a">Drug effects</subfield>
    <subfield code="h">[electronic resource] :</subfield>
    <subfield code="b">khat in biocultural and socioeconomic perspective /</subfield>
    <subfield code="c">Lisa L. Gezon.</subfield>
  </datafield>
  <datafield tag="260" ind1=" " ind2=" ">
    <subfield code="a">Walnut Creek, Calif. :</subfield>
    <subfield code="b">Left Coast Press,</subfield>
    <subfield code="c">2012.</subfield>
  </datafield>
  <datafield tag="300" ind1=" " ind2=" ">
    <subfield code="a">263 p. :</subfield>
    <subfield code="b">ill.</subfield>
  </datafield>
  <datafield tag="490" ind1="1" ind2=" ">
    <subfield code="a">Advances in critical medical anthropology ;</subfield>
    <subfield code="v">v. 3</subfield>
  </datafield>
  <datafield tag="504" ind1=" " ind2=" ">
    <subfield code="a">Includes bibliographical references and index.</subfield>
  </datafield>
  <datafield tag="505" ind1="8" ind2=" ">
    <subfield code="a">Machine generated contents note: 1: Introduction Part I: Consumption, Identity, and Health 2: Patterns of Consumption 3: Leaf of Paradise or Scourge?: Drug Effects, Health and Legalization Part II: Indirect Effects: Production and Trade 4: Growing and Selling Khat 5: Implications for Food Security and Conservation 6: Intimate Livelihoods: Gender and Survival on the Margins Part III: The Silence of Green Gold: Drug Effects in Economies on the Margins 7: Khat on the Global Margins: Wars on Drugs, State Silence, and Alternative Development Drugs on the Global Margins 8: Tying It Together References Index About the Author.</subfield>
  </datafield>
  <datafield tag="520" ind1=" " ind2=" ">
    <subfield code="a">"Khat, marijuana, peyote--are these dangerous drugs or vilified plants with rich cultural and medical values? In this book, Lisa Gezon brings the drug debate into the 21st century, proposing criteria for evaluating psychotropic substances. Focusing on khat, whose bushy leaves are an increasingly popular stimulant and the target of vehement anti-drug campaigns, she explores biocultural and socioeconomic contexts on local, national, and global levels. Gezon provides a multidisciplinary examination of the plant's direct physical and psychological effects, as well as indirect social and structural effects on income and labor productivity, identity, gendered relationships, global drug discourses, and food security. This sophisticated, multileveled analysis cuts through the traditional battle lines of the drug debate and is a model for understanding and evaluating psychotropic substances around the world"--</subfield>
    <subfield code="c">Provided by publisher.</subfield>
  </datafield>
  <datafield tag="533" ind1=" " ind2=" ">
    <subfield code="a">Electronic reproduction.</subfield>
    <subfield code="b">Palo Alto, Calif. :</subfield>
    <subfield code="c">ebrary,</subfield>
    <subfield code="d">2013.</subfield>
    <subfield code="n">Available via World Wide Web.</subfield>
    <subfield code="n">Access may be limited to ebrary affiliated libraries.</subfield>
  </datafield>
  <datafield tag="650" ind1=" " ind2="0">
    <subfield code="a">Khat</subfield>
    <subfield code="x">Social aspects.</subfield>
  </datafield>
  <datafield tag="650" ind1=" " ind2="0">
    <subfield code="a">Khat</subfield>
    <subfield code="x">Economic aspects.</subfield>
  </datafield>
  <datafield tag="650" ind1=" " ind2="0">
    <subfield code="a">Khat</subfield>
    <subfield code="x">Political aspects.</subfield>
  </datafield>
  <datafield tag="655" ind1=" " ind2="7">
    <subfield code="a">Electronic books.</subfield>
    <subfield code="2">local</subfield>
  </datafield>
  <datafield tag="710" ind1="2" ind2=" ">
    <subfield code="a">ebrary, Inc.</subfield>
  </datafield>
  <datafield tag="830" ind1=" " ind2="0">
    <subfield code="a">Advances in critical medical anthropology ;</subfield>
    <subfield code="v">v. 3.</subfield>
  </datafield>
  <datafield tag="856" ind1="4" ind2="0">
    <subfield code="u">http://site.ebrary.com/lib/rucke/Doc?id=10538012</subfield>
    <subfield code="z">An electronic book accessible through the World Wide Web; click to view</subfield>
  </datafield>
  <datafield tag="999" ind1=" " ind2=" ">
    <subfield code="c">245714</subfield>
    <subfield code="d">245714</subfield>
  </datafield>
</record>
